000 00651nam a2200205Ii 4500
003 JO-AjNU
008 230606s9999||||xx |||||||||||||| ||und||
020 _a978-81-265-1469-4
040 _aJO-AjNU
_beng
_erda
_cJO-AjNU
041 _aeng
050 1 4 _aHF5548.32.E186 .2001
100 3 _aChan,Henry/Lee, Raymond/Dillon,Tharam/Chang,Elizabeth,
_eauthor
_9242
245 0 0 _aE-commerce : fundamentals and applications
264 3 1 _aNew York:Wiley,2001
300 _a479p
_bIncludes indexes463-479 p
336 _atext
_btxt
_2rdacontent
337 _aunmediated
_bn
_2rdamedia
338 _avolume
_bnc
_2rdacarrier
650 4 _aElectronic commerce
_9243
999 _aE127
_c127
_d127